01864agaaa2200349 45000010005000000030009000050050017000140070009000310080040000400400023000800410013001031000054001161300032001702400030002022450181002322460023004132500022004362600125004583000034005835080118006175110075007355200094008105380009009045460013009136500075009267000070010017000066010717000068011379420012012059990019012179520278012361645IT-RoPAU20220918181224.0d cvaizq50131s9999||||xx ||| | || ||und|| aIT-RoPAUcIT-RoPAU aITALIANO aBergman IngmargCodice regista SPICS: 9304934076 aCOME IN UNO SPECCHIO937219 aSASOM I EN SPEGHELgT1258 aCOME IN UNO SPECCHIOcProdotto da: Karlberg Lars-Owe -- Sceneggiatura: Bergman Ingmar -- Diretto da: Bergman IngmarpCOME IN UNO SPECCHIO (Rif. Codice opera principale : 21645) aSASOM I EN SPEGHEL aEdizione Standard aSTOCCOLMA (SVEZIA)bSVENSKA FILMINSTITUTET / Distribuzione: SPF FIRENZEg"1961 (1° ed.: 1993 ; Ed. Lingua Orig.: 1961)" a16MMbsonoro, col.c92 minuti a"Fotografia: Nykvist Sven; Montaggio: Ryghe Ulla; Musica: Bach Johann Sebastian; Sceneggiatura: Bergman Ingmar; " a"Bjornstrand Gunnar; Andersson Harriet; Von; Sydow Max; Passgard Lars" aFILM IN BIANCO E NERO. PELLICOLA IN BUONO STATO. PER TRAMA VEDI VIDEOCASSETTA: 9960/83065 aMONO aITALIANO aDRAMMATICOePELLICOLE CINEMA [16MM]xCodice MATERIA SPICS: 9955937220 aBach Johann Sebastiane(musica)gCodice Musica SPICS: 9695937221 aBergman Ingmar e(regista)gCodice regista SPICS: 9304934076 aBergman Ingmar e(soggetto)gCodice Soggetto SPICS: 9304937222 cMM2ddc c104705d104705 001040621645_00000000000000071aSPICSbSPICSd2015-01-31l0o21645r2015-01-31 00:00:00w2015-01-31yMMzProgr. Ins.: 1441 / N.Vol.:2 / Copie: 1 / Pag.:0 / Copia rara: n.d. / date import: 1.2.2015 / By Epidotti, Trombetti, Vaglietti - CUSTODITA PRESSO FILMOTECA VATICANA